000 00279nam a22001337a 4500
008 170411b xxu||||| |||| 00| 0 eng d
020 _aM199225R
041 _aeng
080 _a612.39
100 _a9
101 _aSHM
245 _aTAKING CARE
_cJACOBS, M.B
942 _2udc
_cBK
999 _c10397
_d10397